Ethical Innovation in Business and the Economy (Record no. 43409)

MARC details
000 -LEADER
fixed length control field 00532nam a22001817a 4500
005 - DATE AND TIME OF LATEST TRANSACTION
control field 20250326135712.0
008 - FIXED-LENGTH DATA ELEMENTS--GENERAL INFORMATION
fixed length control field 250326b |||||||| |||| 00| 0 eng d
020 ## - INTERNATIONAL STANDARD BOOK NUMBER
International Standard Book Number 9781784719968
041 ## - LANGUAGE CODE
Language code of text/sound track or separate title Eng.
082 ## - DEWEY DECIMAL CLASSIFICATION NUMBER
Classification number 174.4 END
100 ## - MAIN ENTRY--PERSONAL NAME
Author Enderle, Georges
245 ## - TITLE STATEMENT
Title Ethical Innovation in Business and the Economy
260 ## - PUBLICATION, DISTRIBUTION, ETC.
Place UK
Publisher Edward Elgar Publishing
Publication Year 2015
300 ## - PHYSICAL DESCRIPTION
Extent 317;. P. 23 cm
650 ## - SUBJECT ADDED ENTRY--TOPICAL TERM
Subject Technological Innovations-Moral and Ethical Aspects; Business Ethics
700 ## - ADDED ENTRY--PERSONAL NAME
Co-Author Murphy, Patrick E.
942 ## - ADDED ENTRY ELEMENTS (KOHA)
Koha item type Books
Holdings
Withdrawn status Lost status Source of classification or shelving scheme Damaged status Not for loan Home library Current library Shelving location Accession Date Vendor Price Bill number Full call number Barcode No Date last seen Discount Bill Date Koha item type Suggested By
    Dewey Decimal Classification     IMTN IMTN Rack 4-A 03/19/2025 Raghav Books Private Limited 9905.70 2374 174.4 END 33700 03/26/2025 33 02/14/2025 Books Dr. Shanthi Perumal
Designed & Maintained by: LRC IMT Nagpur Contact: lrc@imtnag.ac.in© 2024. All Rights Reserved.